The shifting expectations of free trade and migration /

Shranjeno v:
Bibliografske podrobnosti
Glavni avtor: Papademetriou, Demetrios G.
Format: Texto
Oznake: Označite
Brez oznak, prvi označite!

MARC

LEADER 00000 a a2200000 04500
001 41342
003
040
090 |a 1001 P213s  
100 |a Papademetriou, Demetrios G.  
245 |a The shifting expectations of free trade and migration /  |c Demetrios G. Papademetriou  
300 |a 59 páginas : tablas, gráfico  
999 |c 9362  |d 9362